Environmental Politics at the Local: (Record no. 213955)

MARC details
000 -LEADER
fixed length control field 00719nam a22002057a 4500
005 - DATE AND TIME OF LATEST TRANSACTION
control field 20251217124510.0
010 ## - LCCN (DPL NO)
LC control number ENG-147362
020 ## - INTERNATIONAL STANDARD BOOK NUMBER
International Standard Book Number 9789354425721
Terms of availability 2450.00
035 ## - SYSTEM CONTROL NUMBER
System control number EN-130894
037 ## - SOURCE OF ACQUISITION
Source of stock number/acquisition DBAD
082 ## - DEWEY DECIMAL CLASSIFICATION NUMBER
Classification number 363.7005
Edition number 1
245 ## - TITLE STATEMENT
Title Environmental Politics at the Local:
Statement of responsibility, etc Edited By Satyajit Singh [and] Ajit Menon
Remainder of title Natural Resource Governance in India/
250 ## - EDITION STATEMENT
Edition statement 1
260 ## - PUBLICATION, DISTRIBUTION, ETC. (IMPRINT)
Place of publication, distribution, etc Telengana
Name of publisher, distributor, etc Orient BlackSwan
Date of publication, distribution, etc 2024
270 ## - ADDRESS
Address 3-6-752 HimayatNagar, Hyderabad
City Telengana
Postal code 500029
Electronic mail address centraloffice@orientblackswan.com
300 ## - PHYSICAL DESCRIPTION
Extent xii356p.
Dimensions 22cm.(hb)
700 ## - ADDED ENTRY--PERSONAL NAME
Dates associated with a name Satyajit Singh
Personal name Editor
9 (RLIN) 86128
700 ## - ADDED ENTRY--PERSONAL NAME
Dates associated with a name Menon, Ajit
Personal name Editor
9 (RLIN) 86129
942 ## - ADDED ENTRY ELEMENTS (KOHA)
Source of classification or shelving scheme Dewey Decimal Classification
Item type English Books
Classification part 363.7005
Call number suffix ENV
Holdings
Withdrawn status Lost status Not for loan Collection code Home library Current library Date acquired Source of acquisition Cost, normal purchase price Full call number Barcode Copy number Cost, replacement price Koha item type
      Non-fiction Sarojini Nagar Sarojini Nagar 17/12/2025 Delivery of Books Act Division 2450.00 363.7005 ENV EN-130894 1 2450.00 English Books

© Delhi Public Library
Hit Counter
free hit counter